Парадигми нейролінгвістичного програмування в політичній рекламі (Запис № 284088)
[ простий вигляд ]
| 000 -LEADER | |
|---|---|
| fixed length control field | 01992nam a22001577a 4500 |
| 041 ## - LANGUAGE CODE | |
| Language code of text/sound track or separate title | ukr |
| 080 ## - UNIVERSAL DECIMAL CLASSIFICATION NUMBER | |
| Universal Decimal Classification number | 09 |
| 090 ## - LOCALLY ASSIGNED LC-TYPE CALL NUMBER (OCLC); LOCAL CALL NUMBER (OCLC) | |
| Local cutter number (OCLC) ; Book number/undivided call number, CALL (RLIN) | КАБ |
| 100 ## - MAIN ENTRY--PERSONAL NAME | |
| Personal name | Каба М. В. |
| 245 ## - TITLE STATEMENT | |
| Title | Парадигми нейролінгвістичного програмування в політичній рекламі |
| 260 ## - PUBLICATION, DISTRIBUTION, ETC. (IMPRINT) | |
| Place of publication, distribution, etc | Острог |
| Name of publisher, distributor, etc | КАФ |
| Date of publication, distribution, etc | 2007 |
| 300 ## - PHYSICAL DESCRIPTION | |
| Extent | 102 |
| 520 ## - SUMMARY, ETC. | |
| Summary, etc | Вступ.<br/>Розділ 1. Теоретичні аспекти технології правильного спілкування та нейролінгвісимчного програмування.<br/>1.1. Когнітивні особливості природи інтелекту.<br/>1.2. Мовні форми відображення мислення і психології стану людини.<br/>1.3. Маніпуляційний вплив мовних універсалій.<br/>1.4. Мовне моделювання.<br/>Розділ 2. НЛП методики як засіб ефективного спілкування.<br/>2.1. Раппорт як основа технології мовного впливу.<br/>2.2. Символи-якорі як метод технології політичної реклами.<br/>2.3. Оруеллізм як засіб агресивної маніпуляції.<br/>2.4. Емрінт метод як дослідження основи поведінки.<br/>2.5. Метастратегія Розеншток-Хюсси.<br/>Розділ 3. Варіативні особливості НЛП в національній динаміці.<br/>3.1. Блок політичних партій НСНУ.<br/>3.2. Блок Юлії Тимошенко.<br/>3.3. Промова Джона Е. Хербста присвячена Євроінтеграції України.<br/>3.4. Промова посла США в Україні Б. Тейлора.<br/>Висновки. |
| -- | лінгвістика, нейролігвістичне програмування |
| 650 ## - SUBJECT ADDED ENTRY--TOPICAL TERM | |
| Topical term or geographic name as entry element | Research Papers |
| 942 ## - ADDED ENTRY ELEMENTS (KOHA) | |
| Koha item type | Книги |
| Withdrawn status | Lost status | Source of classification or shelving scheme | Damaged status | Not for loan | Home library | Current library | Date acquired | Source of acquisition | Cost, normal purchase price | Total Checkouts | Full call number | Barcode | Date last seen | Price effective from | Koha item type |
|---|---|---|---|---|---|---|---|---|---|---|---|---|---|---|---|
| Universal Decimal Classification | ВІЛ - Відділ іноземн. літератури НБ | ВІЛ - Відділ іноземн. літератури НБ | 16/04/2009 | Акт №1 | 1.00 | 09 | 213579 | 15/12/2021 | 16/04/2009 | Книги |